Statistics for Pokémon Quiz: Water Type

Click here to take the quiz!

General Stats

  • This quiz has been taken 5 times
    (3 since last reset)
  • The average score is 60 of 157

Answer Stats

National Dex No.Answer% Correct
No. 0692Clauncher
100%
No. 0752Araquanid
50%
No. 0184Azumarill
50%
No. 0689Barbaracle
50%
No. 0339Barboach
50%
No. 0847Barraskewda
50%
No. 0550Basculin
50%
No. 0400Bibarel
50%
No. 0688Binacle
50%
No. 0009Blastoise
50%
No. 0418Buizel
50%
No. 0565Carracosta
50%
No. 0833Chewtle
50%
No. 0170Chinchou
50%
No. 0366Clamperl
50%
No. 0693Clawitzer
50%
No. 0091Cloyster
50%
No. 0341Corphish
50%
No. 0342Crawdaunt
50%
No. 0159Croconaw
50%
No. 0087Dewgong
50%
No. 0502Dewott
50%
No. 0751Dewpider
50%
No. 0977Dondozo
50%
No. 0580Ducklett
50%
No. 0395Empoleon
50%
No. 0349Feebas
50%
No. 0160Feraligatr
50%
No. 0456Finneon
50%
No. 0419Floatzel
50%
No. 0592Frillish
50%
No. 0656Froakie
50%
No. 0657Frogadier
50%
No. 0423Gastrodon
50%
No. 0118Goldeen
50%
No. 0055Golduck
50%
No. 0368Gorebyss
50%
No. 0658Greninja
50%
No. 0130Gyarados
50%
No. 0116Horsea
50%
No. 0367Huntail
50%
No. 0818Inteleon
50%
No. 0991Iron Bundle
50%
No. 0593Jellicent
50%
No. 0140Kabuto
50%
No. 0141Kabutops
50%
No. 0647Keldeo
50%
No. 0230Kingdra
50%
No. 0099Kingler
50%
No. 0098Krabby
50%
No. 0371Kyogre
50%
No. 0171Lanturn
50%
No. 0131Lapras
50%
No. 0271Lombre
50%
No. 0270Lotad
50%
No. 0272Ludicolo
50%
No. 0457Lumineon
50%
No. 0370Luvdisc
50%
No. 0129Magikarp
50%
No. 0490Manaphy
50%
No. 0183Marill
50%
No. 0259Marshtomp
50%
No. 0350Milotic
50%
No. 0258Mudkip
50%
No. 0138Omanyte
50%
No. 0139Omastar
50%
No. 0501Oshawott
50%
No. 0484Palkia
50%
No. 0536Palpitoad
50%
No. 0515Panpour
50%
No. 0279Pellipper
50%
No. 0489Phione
50%
No. 0393Piplup
50%
No. 0186Politoed
50%
No. 0060Poliwag
50%
No. 0061Poliwhirl
50%
No. 0062Poliwrath
50%
No. 0728Popplio
50%
No. 0730Primarina
50%
No. 0394Prinplup
50%
No. 0054Psyduck
50%
No. 0195Quagsire
50%
No. 0912Quaxly
50%
No. 0503Samurott
50%
No. 0117Seadra
50%
No. 0119Seaking
50%
No. 0086Seel
50%
No. 0537Seismitoad
50%
No. 0319Sharpedo
50%
No. 0422Shellos
50%
No. 0516Simipour
50%
No. 0690Skrelp
50%
No. 0080Slowbro
50%
No. 0199Slowking
50%
No. 0079Slowpoke
50%
No. 0816Sobble
50%
No. 0363Spheal
50%
No. 0007Squirtle
50%
No. 0121Starmie
50%
No. 0120Staryu
50%
No. 0245Suicune
50%
No. 0283Surskit
50%
No. 0260Swampert
50%
No. 0581Swanna
50%
No. 0978Tatsugiri
50%
No. 0072Tentacool
50%
No. 0073Tentacruel
50%
No. 0564Tirtouga
50%
No. 0158Totodile
50%
No. 0535Tympole
50%
No. 0134Vaporeon
50%
No. 0721Volcanion
50%
No. 0365Walrein
50%
No. 0008Wartortle
50%
No. 0340Whiscash
50%
No. 0278Wingull
50%
No. 0746Wishiwashi
50%
No. 0194Wooper
50%
No. 0594Alolamola
0%
No. 0128Aqua Breed Tauros
0%
No. 0883Arctovish
0%
No. 0846Arrokuda
0%
No. 0902Basculegion
0%
No. 0729Brionne
0%
No. 0779Bruxish
0%
No. 0318Carvanha
0%
No. 0222Corsola
0%
No. 0845Cramorant
0%
No. 0882Dracovish
0%
No. 0834Drednaw
0%
No. 0817Drizzle
0%
No. 0963Finizen
0%
No. 0768Golisopod
0%
No. 0503Hisuian Samurott
0%
No. 0226Mantine
0%
No. 0458Mantyke
0%
No. 0747Mareanie
0%
No. 0224Octillery
0%
No. 1017Ogerpon
0%
No. 0964Palafin
0%
No. 0771Pyukumuku
0%
No. 0914Quaquaval
0%
No. 0913Quaxwell
0%
No. 0211Qwilfish
0%
No. 0369Relicanth
0%
No. 0223Remoraid
0%
No. 0364Sealeo
0%
No. 0090Shellder
0%
No. 0788Tapu Fini
0%
No. 0748Toxapex
0%
No. 0976Veluza
0%
No. 0320Wailmer
0%
No. 0321Wailord
0%
No. 1009Walking Wake
0%
No. 0960Wiglett
0%
No. 0767Wimpod
0%
No. 0961Wugtrio
0%

Score Distribution

Percentile by Number Answered

Percent of People with Each Score

Your Score History

You have not taken this quiz since the last reset